Silvikalcar dan urusan hutan
| Main Author: | |
|---|---|
| Other Authors: | |
| Format: | Book |
| Published: |
Kuala Lumpur :
Jabatan Perhutanan ,
1975
|
| Subjects: |
MARC
| LEADER | 00000cam a2200000 7i4500 | ||
|---|---|---|---|
| 001 | 0000001389 | ||
| 005 | 20010613.0 | ||
| 090 | 0 | 0 | |a JPSM 634.95 |b SUK 1975 |
| 100 | 1 | 0 | |a SUKUMARA Singham |h S |
| 245 | 1 | 0 | |a Silvikalcar dan urusan hutan |c S. Sukumara Singham dan Zainal Abidin bin Mohd Sharif |
| 260 | 0 | 0 | |a Kuala Lumpur : |b Jabatan Perhutanan , |c 1975 |
| 300 | |a vii, 128 p. : |b ill. ; |c 30 cm. | ||
| 650 | 0 | 0 | |a Forest management |
| 700 | 0 | 1 | |a Zainal Abidin bin Mohd Sharif |
| 998 | |a JPSM | ||
| 999 | |a 0000002420 |b Monograph |c Open Shelf |e Default branch | ||